[Event "HUN-chT2 Asztalos 1819"]
[Site "Hungary"]
[Date "2019.04.28"]
[Round "9.3"]
[White "Keszi, Janos"]
[Black "Szabo, Richard"]
[Result "1-0"]
[WhiteElo "1998"]
[BlackElo "2186"]
[PlyCount "71"]
[EventDate "2018.10.28"]
[EventType "team-tourn"]
[EventRounds "9"]
[EventCountry "HUN"]
[SourceTitle "EXT 2021"]
[Source "ChessBase"]
[SourceDate "2020.10.23"]
[SourceVersion "1"]
[SourceVersionDate "2020.10.23"]
[SourceQuality "1"]
[WhiteTeam "Sarosd"]
[BlackTeam "Decs 1990"]
[WhiteTeamCountry "HUN"]
[BlackTeamCountry "HUN"]

1. d4 Nf6 2. Nf3 d6 3. Bg5 Nbd7 4. Nbd2 c6 5. e3 Qc7 6. Bd3 g6 7. 0-0 Bg7 8. c3 0-0 9. h3 Re8 10. e4 e5 11. Re1 b5 12. a4 Rb8 13. axb5 cxb5 14. Qb3 a6 15. Qa3 Bb7 16. Qa5 Qxa5 17. Rxa5 Rec8 18. d5 Nc5 19. Bc2 Ncd7 20. Rea1 Rc7 21. Be3 Rbc8 22. R5a2 Ne8 23. Nb3 Bf6 24. Na5 Ba8 25. Ne1 Nc5 26. f3 Bd8 27. Nd3 Nxd3 28. Bxd3 Re7 29. Nc6 Bxc6 30. dxc6 Nc7 31. Bb6 Ne6 32. Bxd8 Rxd8 33. Rxa6 Nc5 34. Ra8 Rxa8 35. Rxa8+ Kg7 36. Bxb5 1-0

[Event "HUN-chT2 Asztalos 1718"]
[Site "Hungary"]
[Date "2017.11.26"]
[Round "2.4"]
[White "Keszi, Janos"]
[Black "Varga, Zsolt"]
[Result "1-0"]
[WhiteElo "2008"]
[BlackElo "1986"]
[PlyCount "73"]
[EventDate "2017.10.29"]
[EventType "team-tourn"]
[EventRounds "9"]
[EventCountry "HUN"]
[SourceTitle "EXT 2021"]
[Source "ChessBase"]
[SourceDate "2020.10.23"]
[SourceVersion "1"]
[SourceVersionDate "2020.10.23"]
[SourceQuality "1"]
[WhiteTeam "Sarosd"]
[BlackTeam "Pecs Karmin"]
[WhiteTeamCountry "HUN"]
[BlackTeamCountry "HUN"]

1. d4 d5 2. Nf3 Nf6 3. Bf4 g6 4. e3 Bg7 5. Bd3 Nbd7 6. Nbd2 0-0 7. h3 c5 8. c3 Re8 9. g4 Qb6 10. Qb3 cxd4 11. exd4 a6 12. 0-0-0 Qxb3 13. axb3 b5 14. b4 Bb7 15. Rhe1 Rac8 16. Kc2 Nb6 17. b3 Nfd7 18. Kb2 Rc6 19. h4 e6 20. h5 Nf8 21. Rh1 Nbd7 22. Rde1 Rec8 23. Nb1 Re8 24. g5 gxh5 25. Rxh5 Ng6 26. Bg3 f5 27. Bxf5 Rf8 28. Bg4 Bc8 29. Nbd2 e5 30. Bxd7 Bxd7 31. Nxe5 Bxe5 32. dxe5 Rfc8 33. Rc1 d4 34. c4 Bg4 35. Rh6 Bf5 36. c5 Re6 37. f4 1-0

[Event "HUN-chT2 Asztalos 1617"]
[Site "Hungary"]
[Date "2017.04.09"]
[Round "11.4"]
[White "Keszi, Janos"]
[Black "Babits, Andras"]
[Result "0-1"]
[WhiteElo "2021"]
[BlackElo "2075"]
[PlyCount "74"]
[EventDate "2016.09.25"]
[EventType "team-tourn"]
[EventRounds "11"]
[EventCountry "HUN"]
[SourceTitle "EXT 2021"]
[Source "ChessBase"]
[SourceDate "2020.10.23"]
[SourceVersion "1"]
[SourceVersionDate "2020.10.23"]
[SourceQuality "1"]
[WhiteTeam "Sarosd"]
[BlackTeam "Marcali"]
[WhiteTeamCountry "HUN"]
[BlackTeamCountry "HUN"]

1. d4 Nf6 2. c4 e5 3. dxe5 Ng4 4. Nf3 Bc5 5. e3 Nc6 6. Be2 Ngxe5 7. Nc3 d6 8. 0-0 0-0 9. a3 a5 10. b3 Re8 11. Bb2 Bf5 12. Nd5 Rc8 13. Qd2 Be4 14. Nxe5 dxe5 15. Bd3 Bxd3 16. Qxd3 e4 17. Qc3 Qg5 18. f4 exf3 19. Rxf3 Bd6 20. Raf1 Be5 21. Qd2 Bxb2 22. Qxb2 Qe5 23. Qf2 Nd8 24. Rf5 Qd6 25. b4 axb4 26. axb4 c6 27. c5 Qe6 28. Nb6 Rc7 29. Rf3 Rce7 30. Kh1 f6 31. h3 Nf7 32. Qh4 Qe4 33. Qxe4 Rxe4 34. Rf4 Rxe3 35. Rd4 Ne5 36. Ra1 Rb3 37. Kg1 h5 0-1

[Event "HUN-chT2 Asztalos 1516"]
[Site "Hungary"]
[Date "2016.03.20"]
[Round "9.2"]
[White "Keszi, Janos"]
[Black "Nemeth, Miklos"]
[Result "0-1"]
[WhiteElo "2019"]
[BlackElo "2159"]
[PlyCount "180"]
[EventDate "2015.09.13"]
[EventType "team-tourn"]
[EventRounds "11"]
[EventCountry "HUN"]
[SourceTitle "EXT 2017"]
[Source "ChessBase"]
[SourceDate "2016.10.25"]
[SourceVersion "1"]
[SourceVersionDate "2016.10.25"]
[SourceQuality "1"]
[WhiteTeam "Sarosd"]
[BlackTeam "Decs 1990 II"]
[WhiteTeamCountry "HUN"]
[BlackTeamCountry "HUN"]

1. d4 d5 2. Nf3 Nf6 3. Bg5 e6 4. e3 Be7 5. Nbd2 h6 6. Bh4 Nbd7 7. Bd3 0-0 8. 0-0 b6 9. Ne5 Nxe5 10. dxe5 Nd7 11. Bg3 c5 12. c3 f6 13. exf6 Bxf6 14. Qh5 c4 15. Bc2 Nc5 16. Qg6 e5 17. Rad1 Nd3 18. Bxd3 cxd3 19. Qxd3 Bb7 20. e4 dxe4 21. Qc4+ Qd5 22. Qxd5+ Bxd5 23. c4 Bc6 24. Rde1 Rad8 25. Nxe4 Bxe4 26. Rxe4 Rd2 27. Rb1 Rfd8 28. Kf1 R8d4 29. Rxd4 exd4 30. Ke1 Rc2 31. Kd1 d3 32. b4 Rxa2 33. Rb3 Rc2 34. Rxd3 Rxc4 35. b5 Rb4 36. Rd5 Rb2 37. Kc1 Kf7 38. Rf5 Ra2 39. Rd5 Ke6 40. Rd6+ Ke7 41. Rc6 Ra5 42. Kc2 Rxb5 43. Rc7+ Ke6 44. Rxa7 Kd5 45. Rd7+ Kc4 46. Rc7+ Kd4 47. Rd7+ Ke4 48. Rd6 h5 49. Re6+ Kf5 50. Re3 Rb2+ 51. Kc1 Ra2 52. Kb1 Ra1+ 53. Kc2 Rg1 54. Rb3 Bd4 55. Rf3+ Kg6 56. Kd3 Bc5 57. Ke2 Rb1 58. Be5 Rb4 59. Kd2 h4 60. h3 Ra4 61. g3 Ra2+ 62. Ke1 hxg3 63. Bxg3 b5 64. h4 Be7 65. Re3 Bf6 66. Re4 Ra4 67. Re6 Ra1+ 68. Kd2 Kf5 69. Rb6 Rb1 70. Kc2 Rb2+ 71. Kc1 Rb3 72. Kc2 Rc3+ 73. Kd2 Rc5 74. f3 b4 75. Ke2 Bc3 76. Kd3 Rd5+ 77. Kc4 Rd4+ 78. Kb3 Rd3 79. Rb5+ Kg6 80. h5+ Kf7 81. Rb7+ Ke6 82. Rb6+ Kd7 83. Rb7+ Kc6 84. Rc7+ Kb6 85. Rf7 Be1+ 86. Kc4 Rc3+ 87. Kd5 Rc5+ 88. Ke4 Bxg3 89. Rxg7 b3 90. Rxg3 b2 0-1

[Event "Budapest FS05 FM-A"]
[Site "Budapest"]
[Date "2014.05.04"]
[Round "2"]
[White "Bartha, Sandor"]
[Black "Keszi, Janos"]
[Result "1-0"]
[WhiteElo "2067"]
[BlackElo "2092"]
[PlyCount "101"]
[EventDate "2014.05.03"]
[EventType "tourn"]
[EventRounds "11"]
[EventCountry "HUN"]
[SourceTitle "CBM 160 Extra"]
[Source "ChessBase"]
[SourceDate "2014.07.01"]
[SourceVersion "1"]
[SourceVersionDate "2014.07.01"]
[SourceQuality "1"]

1. d4 Nf6 2. Nc3 d5 3. Bg5 Bf5 4. e3 Nbd7 5. Bd3 Bg6 6. h4 Bxd3 7. Qxd3 h6 8. Bxf6 exf6 9. Nxd5 Bd6 10. Qe4+ Kf8 11. Nc3 c6 12. Qg4 h5 13. Qe2 Qb6 14. 0-0-0 g6 15. Qc4 Kg7 16. Nge2 Rhe8 17. Qb3 Qc7 18. a4 f5 19. g3 a6 20. Nf4 b5 21. Qa2 Rab8 22. b3 Qa5 23. Nfe2 Nf6 24. axb5 Ba3+ 25. Kb1 axb5 26. b4 Qxb4+ 27. Qb3 Qe7 28. d5 cxd5 29. Nxd5 Nxd5 30. Rxd5 b4 31. Rhd1 Red8 32. Nd4 Rxd5 33. Qxd5 Re8 34. Nc6 Qe6 35. Qxe6 Rxe6 36. Nd4 Re7 37. Ka2 Rc7 38. Rd3 Rc5 39. Kb3 Kf6 40. Ne2 Ra5 41. Nf4 Rc5 42. Ne2 Ra5 43. f4 Ra7 44. Nd4 Ra5 45. Nc6 Rc5 46. Ne5 Ke6 47. Nc4 Ke7 48. c3 Rb5 49. Nxa3 bxa3+ 50. Kxa3 Rb1 51. c4 1-0

[Event "HUN-chT2 Charousek 0910"]
[Site "Hungary"]
[Date "2010.05.02"]
[Round "11"]
[White "Dobos, Jozsef"]
[Black "Keszi, Janos"]
[Result "1-0"]
[WhiteElo "2288"]
[BlackElo "2125"]
[PlyCount "77"]
[EventDate "2009.11.08"]
[EventType "team-tourn"]
[EventRounds "11"]
[EventCountry "HUN"]
[SourceTitle "EXT 2011"]
[Source "ChessBase"]
[SourceDate "2010.11.26"]
[SourceVersion "1"]
[SourceVersionDate "2010.11.26"]
[SourceQuality "1"]
[WhiteTeam "Csuti II"]
[BlackTeam "Fehervar"]
[WhiteTeamCountry "HUN"]
[BlackTeamCountry "HUN"]

1. d4 Nf6 2. c4 c5 3. d5 b5 4. a4 bxc4 5. Nc3 Na6 6. e4 d6 7. Bxc4 g6 8. f4 Bg7 9. e5 dxe5 10. fxe5 Nd7 11. e6 Ne5 12. exf7+ Kxf7 13. Be2 Nb4 14. Nf3 Nxf3+ 15. Bxf3 Rf8 16. 0-0 Kg8 17. Bg5 Bb7 18. Kh1 Rf5 19. Bh4 Nxd5 20. Nxd5 Bxd5 21. Bxe7 Qd7 22. Bxc5 Qc6 23. Ba3 Bxf3 24. Rxf3 Rxf3 25. Qxf3 Qxf3 26. gxf3 Rb8 27. Rd1 Rb3 28. Rd8+ Kf7 29. Rd7+ Kg8 30. Rxa7 Rxf3 31. Rb7 h5 32. a5 h4 33. Kg2 Rd3 34. a6 h3+ 35. Kf1 Be5 36. Be7 Rd1+ 37. Ke2 Ra1 38. a7 Bxh2 39. Ba3 1-0

[Event "HUN-chT2 Charousek 0910"]
[Site "Hungary"]
[Date "2009.11.22"]
[Round "2"]
[White "Karsa, Laszlo"]
[Black "Keszi, Janos"]
[Result "1-0"]
[WhiteElo "2340"]
[BlackElo "2125"]
[PlyCount "59"]
[EventDate "2009.11.08"]
[EventType "team-tourn"]
[EventRounds "11"]
[EventCountry "HUN"]
[SourceTitle "EXT 2011"]
[Source "ChessBase"]
[SourceDate "2010.11.26"]
[SourceVersion "1"]
[SourceVersionDate "2010.11.26"]
[SourceQuality "1"]
[WhiteTeam "Pannonpower"]
[BlackTeam "Fehervar"]
[WhiteTeamCountry "HUN"]
[BlackTeamCountry "HUN"]

1. d4 Nf6 2. c4 c5 3. d5 b5 4. cxb5 a6 5. b6 Qxb6 6. Nc3 d6 7. e4 g6 8. Nf3 Bg7 9. Be2 0-0 10. 0-0 Bg4 11. Nd2 Bxe2 12. Qxe2 Nbd7 13. a4 h5 14. Nc4 Qc7 15. a5 Rab8 16. f4 Rb4 17. Kh1 Qb8 18. Bd2 Ng4 19. h3 Nh6 20. f5 Kh7 21. Na4 Rb5 22. Nab6 Qb7 23. Bc3 Ng8 24. fxg6+ fxg6 25. Rxf8 Nxf8 26. Bxg7 Kxg7 27. e5 dxe5 28. Qxe5+ Nf6 29. d6 e6 30. Rf1 1-0

[Event "HUN-chT2 Breyer 0506"]
[Site "Hungary"]
[Date "2006.02.12"]
[Round "7"]
[White "Keszi, Janos"]
[Black "Seres, Bela"]
[Result "1/2-1/2"]
[WhiteElo "2097"]
[BlackElo "2291"]
[PlyCount "71"]
[EventDate "2005.10.16"]
[EventType "team"]
[EventRounds "11"]
[EventCountry "HUN"]
[SourceTitle "EXT 2009"]
[Source "ChessBase"]
[SourceDate "2008.11.26"]
[SourceVersion "1"]
[SourceVersionDate "2008.11.26"]
[SourceQuality "1"]
[WhiteTeam "Kiraly Sakk"]
[BlackTeam "Hobagoly"]
[WhiteTeamCountry "HUN"]
[BlackTeamCountry "HUN"]

1. d4 Nf6 2. c4 c5 3. d5 e6 4. Nc3 exd5 5. cxd5 d6 6. e4 a6 7. f4 Qe7 8. Nf3 Bg4 9. Be2 b5 10. e5 Nfd7 11. 0-0 f5 12. Bxb5 axb5 13. Nxb5 Qd8 14. exd6 Bxf3 15. Qxf3 Ra4 16. Re1+ Kf7 17. b3 Rb4 18. Bd2 Nf6 19. Bxb4 cxb4 20. Qe3 Ne4 21. Qa7+ Kg6 22. Rxe4 fxe4 23. f5+ Kh6 24. Qe3+ Qg5 25. Qxe4 Nd7 26. Re1 Nf6 27. Qe6 g6 28. Nd4 Qf4 29. Qxf6 Bxd6 30. Nf3 Rf8 31. Qh4+ Qxh4 32. Nxh4 Bc5+ 33. Kf1 g5 34. Nf3 Rxf5 35. Re5 Kg6 36. Ke2 1/2-1/2

[Event "HUN-chT2 Breyer 0506"]
[Site "Hungary"]
[Date "2005.12.04"]
[Round "5"]
[White "Bereczki, Istvan"]
[Black "Keszi, Janos"]
[Result "1-0"]
[WhiteElo "2149"]
[BlackElo "2097"]
[PlyCount "97"]
[EventDate "2005.10.16"]
[EventType "team"]
[EventRounds "11"]
[EventCountry "HUN"]
[SourceTitle "EXT 2009"]
[Source "ChessBase"]
[SourceDate "2008.11.26"]
[SourceVersion "1"]
[SourceVersionDate "2008.11.26"]
[SourceQuality "1"]
[WhiteTeam "Vertesi Eromu"]
[BlackTeam "Kiraly Sakk"]
[WhiteTeamCountry "HUN"]
[BlackTeamCountry "HUN"]

1. e4 c5 2. Nf3 d6 3. d4 cxd4 4. Nxd4 Nf6 5. Nc3 a6 6. g3 e5 7. Nb3 Be6 8. Bg2 Nbd7 9. a4 Be7 10. a5 0-0 11. 0-0 b5 12. axb6 Nxb6 13. Na5 Qc7 14. Nd5 Nfxd5 15. exd5 Bf5 16. Nc6 Bg6 17. Qe2 Bf6 18. Be3 Qb7 19. Ra2 e4 20. c4 Rfe8 21. b4 h6 22. Rc1 Bg5 23. Bxg5 hxg5 24. Qd2 f6 25. Bh3 e3 26. fxe3 Re4 27. Be6+ Rxe6 28. Na5 Qd7 29. dxe6 Qxe6 30. Qd4 Nd7 31. Nc6 Be4 32. b5 Nc5 33. Rd1 Bxc6 34. bxc6 Rc8 35. Qd5 Kf7 36. Rb2 Ke7 37. Qxe6+ Kxe6 38. Rb6 Rc7 39. Kg2 g4 40. h3 gxh3+ 41. Kxh3 a5 42. Kg4 g6 43. Rh1 Ne4 44. Kf4 Nf2 45. Rh8 g5+ 46. Kf3 Nd3 47. Re8+ Kf5 48. g4+ Kg6 49. Ke4 1-0

[Event "HUN-chT2 Breyer 0506"]
[Site "Hungary"]
[Date "2005.11.13"]
[Round "3"]
[White "Keszi, Janos"]
[Black "Bereczki, Janos"]
[Result "1-0"]
[WhiteElo "2097"]
[BlackElo "2172"]
[PlyCount "63"]
[EventDate "2005.10.16"]
[EventType "team"]
[EventRounds "11"]
[EventCountry "HUN"]
[SourceTitle "EXT 2009"]
[Source "ChessBase"]
[SourceDate "2008.11.26"]
[SourceVersion "1"]
[SourceVersionDate "2008.11.26"]
[SourceQuality "1"]
[WhiteTeam "Kiraly Sakk"]
[BlackTeam "Zoltek"]
[WhiteTeamCountry "HUN"]
[BlackTeamCountry "HUN"]

1. c4 c6 2. Nc3 d5 3. cxd5 cxd5 4. d4 Nf6 5. Bf4 Qb6 6. Qd2 e6 7. e3 Nc6 8. Bd3 Bd7 9. Nge2 Rc8 10. 0-0 Be7 11. Rac1 0-0 12. Ng3 Na5 13. Qe2 Nc4 14. Rc2 Qa5 15. Be5 b6 16. f4 Nxb2 17. Rxb2 Qxc3 18. Rb3 Qa5 19. Nh5 Nxh5 20. Bxh7+ Kxh7 21. Qxh5+ Kg8 22. Bxg7 Kxg7 23. Qg4+ Kh7 24. Qh3+ Kg7 25. e4 Bg5 26. fxg5 Rh8 27. Qf3 f5 28. gxf6+ Kf7 29. Qg3 Rh7 30. Qd6 Kg8 31. f7+ Rxf7 32. Rg3+ 1-0

[Event "HUN-chT2 Asztalos 0405"]
[Site "Hungary"]
[Date "2005.01.23"]
[Round "6"]
[White "Kovacs, Imre"]
[Black "Keszi, Janos"]
[Result "0-1"]
[WhiteElo "2023"]
[BlackElo "2019"]
[PlyCount "149"]
[EventDate "2004.09.26"]
[EventType "team"]
[EventRounds "11"]
[EventCountry "HUN"]
[SourceTitle "EXT 2009"]
[Source "ChessBase"]
[SourceDate "2008.11.26"]
[SourceVersion "1"]
[SourceVersionDate "2008.11.26"]
[SourceQuality "1"]
[WhiteTeam "MAV Elore"]
[BlackTeam "Kiraly Sakk"]
[WhiteTeamCountry "HUN"]
[BlackTeamCountry "HUN"]

1. d4 Nf6 2. c4 c5 3. d5 b5 4. cxb5 a6 5. f3 axb5 6. e4 d6 7. Bxb5+ Bd7 8. Qd3 g6 9. Nc3 Bg7 10. Nge2 0-0 11. 0-0 Bxb5 12. Qxb5 Nbd7 13. Qd3 Qa5 14. b3 Rfb8 15. Rb1 Ne5 16. Qc2 c4 17. Be3 Nfd7 18. Rfd1 Nc5 19. Nd4 Qb4 20. h3 cxb3 21. axb3 Rc8 22. f4 Ned3 23. Nc6 Qxc3 24. Qxc3 Bxc3 25. Nxe7+ Kf8 26. Nxc8 Rxc8 27. Kf1 Ke7 28. Ke2 Nb4 29. Kf3 f5 30. Bxc5 fxe4+ 31. Kxe4 dxc5 32. Rbc1 Bf6 33. Rc4 Kd6 34. Rdc1 Re8+ 35. Kf3 Bd4 36. Rd1 Re3+ 37. Kg4 Bf6 38. f5 Nxd5 39. fxg6 hxg6 40. b4 cxb4 41. Rxb4 Ke6 42. Rc4 Be7 43. Rcd4 Nf6+ 44. Kf4 Re5 45. h4 Bc5 46. R4d3 Re4+ 47. Kg3 Nh5+ 48. Kf3 Rf4+ 49. Ke2 Rxh4 50. g3 Rh2+ 51. Kf3 Nf6 52. Re1+ Kf7 53. Rf1 g5 54. Rb3 g4+ 55. Kf4 Bd6+ 56. Ke3 Rg2 57. Rb5 Rxg3+ 58. Ke2 Ke6 59. Rb6 Nd5 60. Ra6 Re3+ 61. Kd2 Re5 62. Rg1 Rg5 63. Ke2 Ke5 64. Ra5 Bb4 65. Ra8 Nf4+ 66. Kf1 Ke4 67. Rg3 Rd5 68. Re8+ Kf5 69. Kf2 Rd2+ 70. Kf1 Rd1+ 71. Kf2 Bc5+ 72. Ree3 Nd5 73. Ke2 Nxe3 74. Rxe3 Bxe3 75. Kxd1 0-1

[Event "HUN-chT2 Asztalos 0405"]
[Site "Hungary"]
[Date "2004.12.19"]
[Round "5"]
[White "Keszi, Janos"]
[Black "Pais, Nimrod"]
[Result "1/2-1/2"]
[WhiteElo "2019"]
[BlackElo "2168"]
[PlyCount "105"]
[EventDate "2004.09.26"]
[EventType "team"]
[EventRounds "11"]
[EventCountry "HUN"]
[SourceTitle "EXT 2009"]
[Source "ChessBase"]
[SourceDate "2008.11.26"]
[SourceVersion "1"]
[SourceVersionDate "2008.11.26"]
[SourceQuality "1"]
[WhiteTeam "Kiraly Sakk"]
[BlackTeam "Fehervar"]
[WhiteTeamCountry "HUN"]
[BlackTeamCountry "HUN"]

1. c4 e5 2. Nc3 Nc6 3. Nf3 g6 4. a3 Bg7 5. g3 Nge7 6. Bg2 d6 7. 0-0 0-0 8. Rb1 Be6 9. d3 h6 10. b4 Qd7 11. Bd2 Rae8 12. b5 Nd8 13. Qc1 Kh7 14. Nd5 c6 15. bxc6 bxc6 16. Nxe7 Rxe7 17. Rb8 Rfe8 18. Bc3 Qc7 19. Qb2 f5 20. Rb1 Bc8 21. Rb3 Nb7 22. Qd2 Nc5 23. Rb8 Na4 24. Ba5 Nb6 25. R8xb6 axb6 26. Bxb6 Qb7 27. e4 Qa6 28. Qb4 c5 29. Qa5 fxe4 30. Qxa6 Bxa6 31. dxe4 Rb7 32. a4 Bxc4 33. a5 Ra8 34. Rd1 Bf8 35. Nd2 Be6 36. Bf1 Be7 37. Bc4 Bxc4 38. Nxc4 Kg8 39. f4 exf4 40. gxf4 g5 41. f5 g4 42. Kg2 h5 43. h3 gxh3+ 44. Kxh3 Kh7 45. Nxd6 Bxd6 46. Rxd6 Re7 47. Kh4 Rxe4+ 48. Kxh5 Rf8 49. Rd7+ Kg8 50. Bxc5 Rxf5+ 51. Kg6 Rfe5 52. Rg7+ Kh8 53. Rh7+ 1/2-1/2

[Event "HUN-chT2 Charousek 0203"]
[Site "Hungary"]
[Date "2003.04.13"]
[Round "11.10"]
[White "Keszi, Janos"]
[Black "Kovacs, David1111"]
[Result "1-0"]
[WhiteElo "2078"]
[BlackElo "2041"]
[PlyCount "105"]
[EventDate "2002.09.22"]
[EventType "team"]
[EventRounds "11"]
[EventCountry "HUN"]
[SourceTitle "EXT 2004"]
[Source "ChessBase"]
[SourceDate "2003.11.25"]
[SourceVersion "1"]
[SourceVersionDate "2003.11.25"]
[SourceQuality "1"]
[WhiteTeam "Kiraly Sakk"]
[BlackTeam "Geniusz Tata"]
[WhiteTeamCountry "HUN"]
[BlackTeamCountry "HUN"]

1. d4 Nf6 2. c4 g6 3. Nc3 d5 4. cxd5 Nxd5 5. e4 Nxc3 6. bxc3 Bg7 7. Bc4 c5 8. Ne2 Nc6 9. Be3 0-0 10. 0-0 Qc7 11. Rc1 Rd8 12. Qd2 a6 13. a4 Na5 14. Ba2 c4 15. Rb1 Bd7 16. Nf4 Bxa4 17. Nd5 Rxd5 18. exd5 Rd8 19. Bf4 Qd7 20. Rfe1 Bf6 21. d6 exd6 22. Bg5 Qf5 23. Bxf6 Qxf6 24. Qh6 Bc6 25. Re3 b5 26. Rbe1 Rc8 27. Bb1 Nb3 28. Re7 b4 29. d5 Bb5 30. cxb4 Nd4 31. h4 c3 32. h5 c2 33. hxg6 hxg6 34. Bxc2 Nxc2 35. R1e4 Qa1+ 36. Kh2 Qh8 37. Qxh8+ Kxh8 38. Rxf7 Re8 39. Rxe8+ Bxe8 40. Rf8+ Kg7 41. Rxe8 Nxb4 42. Re6 Nxd5 43. Rxd6 Nb4 44. Rb6 a5 45. Rb5 Nc6 46. Rc5 Ne7 47. Rxa5 Kf6 48. Kg3 Nf5+ 49. Kf4 Ng7 50. Ra6+ Ne6+ 51. Ke4 Kf7 52. Ke5 Ng7 53. Ra7+ 1-0